Fußball Begriffe #3 - Statistiken

Allgemein
  • Dieses Quiz wurde 196 mal gespielt
  • Das Durchschnittsergebnis liegt bei 9 aus 10
Antwortstatistiken
Beschreibung Begriff % Korrekt
Was bekommt ein Spieler der ein mittelstarkes Foul begeht? Gelbe Karte
98%
Wie nennt man das einfache Zuspiel eine Spielers zu seinem Mitspieler? Pass
98%
Wie nennt man das Gewinnen von 2 Titeln in einer Saison? Double
93%
Wie nennt man einen Schuss, bei dem der Ball in der Luft vom Schützen getroffen wird, ohne vorher den Boden berührt zu haben? Volley
92%
Wie nennt man es, wenn ein Torwart einen Torschuss hält? Parade
91%
Wie nennt man es wenn ein Spieler Zwei Tore in einem Spiel schießt? Doppelpack
86%
Wie nennt man den Verbleib eines Vereins in einer Liga? Klassenerhalt
80%
Wie heißt der zweithöchste internationale Europäischen Vereinswettbewerb? Europa League
78%
Welche Position hat ein Sechser? Zentral Defensives Mittelfeld
78%
Wie nennt man die Schussart, bei der kurz unter den Ball getreten wird, wodurch der Ball einen Rückwärtsdrall erfährt, um z.B einen Torwart zu überspielen? Lupfer
75%
Keine übereinstimmenden Quizze gefunden
Verteilung der Resultate
Anzahl Personen mit jedem Resultat
Perzentil nach korrekt beantworteten Fragen
Ihre Resultats-Entwicklung
Sie haben dieses Quiz noch nicht gespielt